Financial management (Record no. 22977)

MARC details
000 -LEADER
fixed length control field 00319nam a2200133Ia 4500
082 ## - DEWEY DECIMAL CLASSIFICATION NUMBER
Classification number 658.15
Item number KUC
100 ## - MAIN ENTRY--AUTHOR NAME
Personal name Kuchhal, S C
245 #0 - TITLE STATEMENT
Title Financial management
250 ## - EDITION STATEMENT
Edition statement 2
260 ## - PUBLICATION, DISTRIBUTION, ETC. (IMPRINT)
Place of publication Allahabad
Name of publisher Chaitanya
Year of publication 1974
650 ## - SUBJECT ADDED ENTRY--TOPICAL TERM
Topical Term Financial management
942 ## - ADDED ENTRY ELEMENTS (KOHA)
Koha item type Books
Holdings
Withdrawn status Lost status Damaged status Not for loan Home library Current library Date acquired Cost, normal purchase price Full call number Accession Number Koha item type
        RRII Library RRII Library 16/12/2021 30.00 658.15 KUC 03686 Books